00401nam a22001337a 450000500170000000800410001702000220005810000240008024500410010426000310014530000150017650000190019165000570021020251110114914.0251110b |||||||| |||| 00| 0 eng d a979-8-88715-058-1 aMILLER, AUSTIN PAUL aFISHERIES AND AQUACULTURE TECHNOLOGY aDUBLINbORYSON PRESSc2023 aXII, 270P. aINCLUDES INDEX a1. FISHERIES- TECHNOLOGY 2. AQUACULTURE -ENGINEERING